[Event "DEM U8 2024"]
[Site "Willingen GER"]
[Date "2024.05.22"]
[Round "1"]
[White "Liu, Yining"]
[Black "Hobbie, Benjamin"]
[Result "1-0"]
[Termination "normal"]
[Board "19"]
[WhiteElo "1210"]
[BlackElo "945"]
[WhiteClock "00:49:21"]
[BlackClock "00:50:43"]
[PlyCount "73"]
[WhiteFideId "8655049"]
[BlackFideId "34676589"]
[EventCountry "GER"]
[EventRounds "7"]
[EventType "swiss"]
[EventDate "2024.05.21"]

1. e4 {[%clk 01:00:29]} {[%emt 00:00:01]} c5 {[%clk 01:00:19]} {[%emt
00:00:10]} 2. c3 {[%clk 01:00:39]} {[%emt 00:00:05]} e6 {[%clk 01:00:26]}
{[%emt 00:00:08]} 3. d4 {[%clk 01:00:48]} {[%emt 00:00:07]} cxd4 {[%clk
01:00:31]} {[%emt 00:00:10]} 4. cxd4 {[%clk 01:01:01]} {[%emt 00:00:02]} d5
{[%clk 01:00:36]} {[%emt 00:00:09]} 5. e5 {[%clk 01:01:02]} {[%emt 00:00:15]}
Nc6 {[%clk 01:00:26]} {[%emt 00:00:25]} 6. Nf3 {[%clk 01:01:06]} {[%emt
00:00:12]} Bd7 {[%clk 01:00:29]} {[%emt 00:00:10]} 7. Bd3 {[%clk 01:01:01]}
{[%emt 00:00:20]} Bb4+ {[%clk 01:00:21]} {[%emt 00:00:23]} 8. Bd2 {[%clk
01:01:08]} {[%emt 00:00:08]} Bxd2+ {[%clk 01:00:29]} {[%emt 00:00:07]} 9. Nbxd2
{[%clk 01:01:13]} {[%emt 00:00:11]} Nge7 {[%clk 01:00:24]} {[%emt 00:00:19]}
10. Rc1 {[%clk 01:01:20]} {[%emt 00:00:08]} Qb6 {[%clk 01:00:21]} {[%emt
00:00:11]} 11. Nb3 {[%clk 01:01:28]} {[%emt 00:00:14]} Nb4 {[%clk 01:00:11]}
{[%emt 00:00:23]} 12. Bb1 {[%clk 01:01:28]} {[%emt 00:00:17]} Bb5 {[%clk
00:59:58]} {[%emt 00:00:26]} 13. a3 {[%clk 01:01:22]} {[%emt 00:00:23]} Nbc6
{[%clk 00:59:53]} {[%emt 00:00:18]} 14. Nc5 {[%clk 01:00:14]} {[%emt 00:01:24]}
O-O {[%clk 00:59:25]} {[%emt 00:00:40]} 15. Qc2 {[%clk 01:00:18]} {[%emt
00:00:14]} Ng6 {[%clk 00:58:44]} {[%emt 00:00:55]} 16. h4 {[%clk 01:00:02]}
{[%emt 00:00:31]} Rfe8 {[%clk 00:58:34]} {[%emt 00:00:22]} 17. h5 {[%clk
01:00:00]} {[%emt 00:00:21]} Nf8 {[%clk 00:58:25]} {[%emt 00:00:16]} 18. Ng5
{[%clk 00:59:40]} {[%emt 00:00:43]} g6 {[%clk 00:57:30]} {[%emt 00:01:10]} 19.
hxg6 {[%clk 00:59:46]} {[%emt 00:00:08]} Nxg6 {[%clk 00:56:40]} {[%emt
00:01:03]} 20. Nd7 {[%clk 00:59:02]} {[%emt 00:01:01]} Nxd4 {[%emt 00:00:18]}
21. Nf6+ {[%emt 00:00:19]} Kf8 {[%clk 00:55:57]} {[%emt 00:00:13]} 22. Qc5+
{[%clk 00:57:08]} {[%emt 00:02:16]} Qxc5 {[%clk 00:55:49]} {[%emt 00:00:23]}
23. Rxc5 {[%clk 00:57:18]} {[%emt 00:00:06]} Rac8 {[%clk 00:55:24]} {[%emt
00:00:39]} 24. Nfxh7+ {[%clk 00:57:04]} {[%emt 00:00:31]} Ke7 {[%clk 00:55:17]}
{[%emt 00:00:13]} 25. Rxc8 {[%clk 00:57:02]} {[%emt 00:00:26]} Rxc8 {[%clk
00:55:17]} {[%emt 00:00:10]} 26. Kd2 {[%clk 00:56:11]} {[%emt 00:01:10]} Nxe5
{[%clk 00:55:09]} {[%emt 00:00:15]} 27. f4 {[%clk 00:55:13]} {[%emt 00:01:21]}
Nc4+ {[%clk 00:54:56]} {[%emt 00:00:20]} 28. Kd3 {[%clk 00:54:33]} {[%emt
00:01:03]} Nb3 {[%clk 00:54:44]} {[%emt 00:00:25]} 29. f5 {[%clk 00:53:10]}
{[%emt 00:01:40]} Nxb2+ {[%clk 00:54:33]} {[%emt 00:00:16]} 30. Ke3 {[%clk
00:52:57]} {[%emt 00:00:32]} Rc3+ {[%clk 00:54:10]} {[%emt 00:00:42]} 31. Kf2
{[%clk 00:52:44]} {[%emt 00:00:30]} e5 {[%clk 00:53:37]} {[%emt 00:00:42]} 32.
f6+ {[%clk 00:52:32]} {[%emt 00:00:33]} Ke8 {[%clk 00:53:01]} {[%emt 00:00:50]}
33. Nf8 {[%clk 00:51:44]} {[%emt 00:01:04]} Rc6 {[%clk 00:52:56]} {[%emt
00:00:19]} 34. Rh6 {[%clk 00:50:41]} {[%emt 00:01:20]} Bd3 {[%clk 00:52:11]}
{[%emt 00:00:58]} 35. Nfe6 {[%clk 00:49:34]} {[%emt 00:01:24]} Bxb1 {[%clk
00:51:33]} {[%emt 00:00:52]} 36. Rh8+ {[%clk 00:49:32]} {[%emt 00:00:18]} Kd7
{[%clk 00:50:43]} {[%emt 00:01:00]} 37. Rd8# {[%clk 00:49:21]} {[%emt
00:00:09]} 1-0

[Event "DEM U8 2024"]
[Site "Willingen GER"]
[Date "2024.05.22"]
[Round "1"]
[White "Schmidt, Simon"]
[Black "Al Luwaisi, Taim"]
[Result "0-1"]
[Termination "normal"]
[Board "20"]
[WhiteElo "943"]
[BlackElo "1198"]
[WhiteClock "00:17:33"]
[BlackClock "00:25:07"]
[PlyCount "64"]
[BlackFideId "34645896"]
[EventCountry "GER"]
[EventRounds "7"]
[EventType "swiss"]
[EventDate "2024.05.21"]

1. e4 {[%clk 01:00:28]} {[%emt 00:00:03]} c6 {[%clk 01:00:24]} {[%emt
00:00:06]} 2. d4 {[%clk 01:00:35]} {[%emt 00:00:09]} d5 {[%clk 01:00:32]}
{[%emt 00:00:06]} 3. e5 {[%clk 01:00:35]} {[%emt 00:00:15]} Bf5 {[%clk
01:00:20]} {[%emt 00:00:27]} 4. Nf3 {[%clk 01:00:16]} {[%emt 00:00:34]} e6
{[%clk 01:00:27]} {[%emt 00:00:08]} 5. Be3 {[%clk 00:59:08]} {[%emt 00:01:24]}
Nd7 {[%clk 01:00:20]} {[%emt 00:00:21]} 6. Be2 {[%clk 00:57:51]} {[%emt
00:01:32]} Qb6 {[%clk 01:00:04]} {[%emt 00:00:31]} 7. Qc1 {[%clk 00:54:55]}
{[%emt 00:03:11]} c5 {[%clk 00:58:43]} {[%emt 00:01:36]} 8. c3 {[%clk
00:54:00]} {[%emt 00:01:11]} c4 {[%clk 00:58:04]} {[%emt 00:00:54]} 9. Nbd2
{[%clk 00:52:58]} {[%emt 00:01:17]} Ne7 {[%clk 00:57:42]} {[%emt 00:00:36]} 10.
O-O {[%clk 00:48:19]} {[%emt 00:04:54]} Ng6 {[%clk 00:57:18]} {[%emt 00:00:39]}
11. Rd1 {[%clk 00:46:12]} {[%emt 00:02:22]} Be7 {[%clk 00:56:59]} {[%emt
00:00:34]} 12. b3 {[%clk 00:44:22]} {[%emt 00:02:05]} Qa5 {[%clk 00:56:23]}
{[%emt 00:00:51]} 13. bxc4 {[%clk 00:43:15]} {[%emt 00:01:20]} Ba3 {[%clk
00:56:21]} {[%emt 00:00:19]} 14. Nb3 {[%clk 00:42:25]} {[%emt 00:01:06]} Bxc1
{[%clk 00:55:09]} {[%emt 00:01:26]} 15. Nxa5 {[%clk 00:42:18]} {[%emt
00:00:24]} Bb2 {[%clk 00:54:52]} {[%emt 00:00:30]} 16. cxd5 {[%clk 00:40:08]}
{[%emt 00:02:25]} exd5 {[%clk 00:54:30]} {[%emt 00:00:38]} 17. Nxb7 {[%clk
00:38:53]} {[%emt 00:01:29]} O-O {[%clk 00:41:23]} {[%emt 00:13:23]} 18. Nd6
{[%clk 00:38:17]} {[%emt 00:00:51]} Bxa1 {[%clk 00:41:03]} {[%emt 00:00:34]}
19. Nxf5 {[%clk 00:37:47]} {[%emt 00:00:45]} Bxc3 {[%clk 00:40:09]} {[%emt
00:01:10]} 20. Rd3 {[%clk 00:36:22]} {[%emt 00:01:40]} Bb4 {[%clk 00:34:58]}
{[%emt 00:05:26]} 21. Rb3 {[%clk 00:34:37]} {[%emt 00:02:01]} Ne7 {[%clk
00:33:08]} {[%emt 00:02:03]} 22. Nxe7+ {[%clk 00:33:42]} {[%emt 00:01:11]} Bxe7
{[%clk 00:32:37]} {[%emt 00:00:47]} 23. Rb7 {[%clk 00:31:26]} {[%emt 00:02:31]}
Rfd8 {[%clk 00:32:36]} {[%emt 00:00:15]} 24. Bb5 {[%clk 00:30:29]} {[%emt
00:01:12]} Rab8 {[%clk 00:32:39]} {[%emt 00:00:12]} 25. Ba6 {[%clk 00:26:58]}
{[%emt 00:03:46]} Rxb7 {[%clk 00:31:56]} {[%emt 00:00:57]} 26. Bxb7 {[%clk
00:26:39]} {[%emt 00:00:33]} Nb6 {[%clk 00:32:02]} {[%emt 00:00:09]} 27. Ne1
{[%clk 00:23:12]} {[%emt 00:03:41]} Bb4 {[%clk 00:28:10]} {[%emt 00:04:07]} 28.
Nd3 {[%clk 00:21:41]} {[%emt 00:01:47]} Nc4 {[%clk 00:27:55]} {[%emt 00:00:29]}
29. Bg5 {[%clk 00:20:36]} {[%emt 00:01:21]} Rb8 {[%clk 00:26:51]} {[%emt
00:01:20]} 30. Bxd5 {[%clk 00:19:49]} {[%emt 00:01:00]} Bd2 {[%clk 00:25:07]}
{[%emt 00:02:00]} 31. Bh4 {[%clk 00:17:56]} {[%emt 00:02:08]} Rb1+ {[%clk
00:25:07]} {[%emt 00:00:15]} 32. Nc1 {[%clk 00:17:33]} {[%emt 00:00:39]} Rxc1#
{[%emt 00:00:30]} 0-1

[Event "DEM U8 2024"]
[Site "Willingen GER"]
[Date "2024.05.22"]
[Round "1"]
[White "Gavrylchenko, Illia"]
[Black "Hadelich, Taron"]
[Result "1-0"]
[Termination "normal"]
[Board "21"]
[WhiteElo "1418"]
[BlackElo "785"]
[WhiteClock "00:44:34"]
[BlackClock "00:51:07"]
[PlyCount "83"]
[WhiteFideId "34682007"]
[EventCountry "GER"]
[EventRounds "7"]
[EventType "swiss"]
[EventDate "2024.05.21"]

1. e4 {[%clk 01:00:27]} {[%emt 00:00:02]} c5 {[%clk 01:00:19]} {[%emt
00:00:11]} 2. c3 {[%clk 01:00:33]} {[%emt 00:00:09]} e5 {[%clk 01:00:24]}
{[%emt 00:00:11]} 3. Nf3 {[%clk 01:00:25]} {[%emt 00:00:21]} Nf6 {[%clk
01:00:09]} {[%emt 00:00:20]} 4. Nxe5 {[%clk 00:59:53]} {[%emt 00:00:57]} d6
{[%clk 01:00:10]} {[%emt 00:00:14]} 5. Nf3 {[%clk 00:59:22]} {[%emt 00:00:46]}
Nxe4 {[%clk 01:00:10]} {[%emt 00:00:15]} 6. Qe2 {[%clk 00:58:47]} {[%emt
00:00:50]} d5 {[%clk 00:59:49]} {[%emt 00:00:36]} 7. d3 {[%clk 00:58:27]}
{[%emt 00:00:34]} Bd6 {[%clk 00:59:03]} {[%emt 00:01:00]} 8. dxe4 {[%clk
00:58:25]} {[%emt 00:00:18]} dxe4 {[%clk 00:58:51]} {[%emt 00:00:28]} 9. Qxe4+
{[%clk 00:58:01]} {[%emt 00:00:40]} Be6 {[%clk 00:58:36]} {[%emt 00:00:28]} 10.
Qxb7 {[%clk 00:56:28]} {[%emt 00:01:48]} Nd7 {[%clk 00:58:35]} {[%emt
00:00:16]} 11. Qe4 {[%clk 00:54:54]} {[%emt 00:01:49]} O-O {[%clk 00:58:30]}
{[%emt 00:00:21]} 12. Ng5 {[%clk 00:54:39]} {[%emt 00:00:30]} g6 {[%clk
00:58:21]} {[%emt 00:00:23]} 13. Nxe6 {[%clk 00:53:57]} {[%emt 00:00:59]} fxe6
{[%clk 00:58:29]} {[%emt 00:00:07]} 14. Qxe6+ {[%clk 00:53:38]} {[%emt
00:00:33]} Rf7 {[%clk 00:58:24]} {[%emt 00:00:21]} 15. Qxd6 {[%clk 00:53:02]}
{[%emt 00:00:50]} Qe8+ {[%clk 00:58:25]} {[%emt 00:00:15]} 16. Be2 {[%clk
00:52:07]} {[%emt 00:01:09]} Rd8 {[%clk 00:58:03]} {[%emt 00:00:37]} 17. Qd3
{[%clk 00:51:17]} {[%emt 00:01:03]} Nb6 {[%clk 00:58:04]} {[%emt 00:00:18]} 18.
Qc2 {[%clk 00:50:47]} {[%emt 00:00:44]} Rf5 {[%clk 00:57:41]} {[%emt 00:00:39]}
19. O-O {[%clk 00:50:15]} {[%emt 00:00:46]} Re5 {[%clk 00:57:26]} {[%emt
00:00:31]} 20. Be3 {[%emt 00:00:48]} Qc6 {[%clk 00:57:11]} {[%emt 00:00:27]}
21. Qb3+ {[%clk 00:49:01]} {[%emt 00:00:57]} Kg7 {[%clk 00:56:35]} {[%emt
00:00:53]} 22. Rd1 {[%clk 00:47:50]} {[%emt 00:01:24]} Rde8 {[%clk 00:56:30]}
{[%emt 00:00:21]} 23. Bb5 {[%clk 00:47:38]} {[%emt 00:00:27]} Qc7 {[%clk
00:56:08]} {[%emt 00:00:37]} 24. Bxe8 {[%clk 00:47:34]} {[%emt 00:00:19]} Rh5
{[%clk 00:56:04]} {[%emt 00:00:17]} 25. h3 {[%clk 00:47:16]} {[%emt 00:00:34]}
Rf5 {[%clk 00:55:42]} {[%emt 00:00:38]} 26. a4 {[%clk 00:46:37]} {[%emt
00:00:54]} Re5 {[%clk 00:55:32]} {[%emt 00:00:27]} 27. Bb5 {[%clk 00:46:13]}
{[%emt 00:00:37]} c4 {[%clk 00:55:07]} {[%emt 00:00:42]} 28. Bxb6 {[%clk
00:45:11]} {[%emt 00:01:17]} axb6 {[%emt 00:00:20]} 29. Rd7+ {[%clk 00:44:51]}
{[%emt 00:00:32]} Re7 {[%clk 00:53:33]} {[%emt 00:03:09]} 30. Rxc7 {[%clk
00:44:33]} {[%emt 00:00:33]} Rxc7 {[%clk 00:53:40]} {[%emt 00:00:08]} 31. Bxc4
{[%clk 00:44:33]} {[%emt 00:00:16]} Rd7 {[%clk 00:52:38]} {[%emt 00:01:15]} 32.
Qxb6 {[%clk 00:44:18]} {[%emt 00:00:30]} Rd1+ {[%clk 00:52:33]} {[%emt
00:00:20]} 33. Kh2 {[%clk 00:44:06]} {[%emt 00:00:26]} Re1 {[%clk 00:52:30]}
{[%emt 00:00:19]} 34. a5 {[%clk 00:44:10]} {[%emt 00:00:12]} Re8 {[%clk
00:52:37]} {[%emt 00:00:08]} 35. a6 {[%clk 00:44:07]} {[%emt 00:00:17]} Rh8
{[%clk 00:52:02]} {[%emt 00:00:50]} 36. a7 {[%clk 00:44:10]} {[%emt 00:00:13]}
Rg8 {[%clk 00:52:05]} {[%emt 00:00:12]} 37. Bxg8 {[%clk 00:44:14]} {[%emt
00:00:10]} Kxg8 {[%clk 00:52:03]} {[%emt 00:00:17]} 38. a8=Q+ {[%clk 00:44:16]}
{[%emt 00:00:13]} Kg7 {[%clk 00:51:45]} {[%emt 00:00:32]} 39. Ra7+ {[%clk
00:44:21]} {[%emt 00:00:12]} Kh6 {[%clk 00:51:32]} {[%emt 00:00:19]} 40. Qe3+
{[%clk 00:44:25]} {[%emt 00:00:21]} Kh5 {[%clk 00:51:22]} {[%emt 00:00:23]} 41.
Qaf3+ {[%clk 00:44:20]} {[%emt 00:00:16]} Kh4 {[%clk 00:51:07]} {[%emt
00:00:30]} 42. Qg4# {[%clk 00:44:34]} {[%emt 00:00:06]} 1-0

[Event "DEM U8 2024"]
[Site "Willingen GER"]
[Date "2024.05.23"]
[Round "3"]
[White "Ranganathan, Aadith"]
[Black "Chaganti, Prahasith Reddy"]
[Result "1-0"]
[Termination "normal"]
[Board "1"]
[WhiteElo "1666"]
[BlackElo "1305"]
[WhiteClock "00:30:18"]
[BlackClock "00:15:14"]
[PlyCount "83"]
[WhiteFideId "34667121"]
[BlackFideId "34697586"]
[EventCountry "GER"]
[EventRounds "7"]
[EventType "swiss"]
[EventDate "2024.05.21"]

1. e4 {[%clk 01:00:25]} {[%emt 00:00:05]} c5 {[%clk 00:59:56]} {[%emt
00:00:34]} 2. Nf3 {[%clk 00:59:54]} {[%emt 00:00:46]} Nc6 {[%clk 00:59:30]}
{[%emt 00:00:41]} 3. d4 {[%clk 00:59:06]} {[%emt 00:01:03]} cxd4 {[%clk
00:59:03]} {[%emt 00:00:42]} 4. Nxd4 {[%clk 00:58:55]} {[%emt 00:00:26]} g6
{[%clk 00:58:42]} {[%emt 00:00:36]} 5. Be3 {[%clk 00:58:41]} {[%emt 00:00:30]}
Bg7 {[%clk 00:57:56]} {[%emt 00:01:01]} 6. c3 {[%clk 00:58:15]} {[%emt
00:00:42]} Nf6 {[%clk 00:56:25]} {[%emt 00:01:45]} 7. Bd3 {[%clk 00:57:55]}
{[%emt 00:00:34]} O-O {[%clk 00:54:42]} {[%emt 00:01:58]} 8. O-O {[%clk
00:57:29]} {[%emt 00:00:42]} d5 {[%clk 00:52:25]} {[%emt 00:02:32]} 9. Nxc6
{[%clk 00:49:49]} {[%emt 00:07:57]} bxc6 {[%clk 00:52:17]} {[%emt 00:00:21]}
10. exd5 {[%clk 00:49:19]} {[%emt 00:00:45]} cxd5 {[%clk 00:50:33]} {[%emt
00:02:00]} 11. f3 {[%clk 00:49:10]} {[%emt 00:00:23]} e5 {[%clk 00:48:58]}
{[%emt 00:01:51]} 12. Nd2 {[%clk 00:46:32]} {[%emt 00:02:53]} Rb8 {[%clk
00:45:25]} {[%emt 00:03:47]} 13. Bxa7 {[%clk 00:44:20]} {[%emt 00:02:27]} Rxb2
{[%clk 00:45:16]} {[%emt 00:00:23]} 14. Nb3 {[%clk 00:44:26]} {[%emt 00:00:09]}
d4 {[%clk 00:38:12]} {[%emt 00:07:19]} 15. Qc1 {[%clk 00:43:29]} {[%emt
00:01:12]} dxc3 {[%clk 00:36:43]} {[%emt 00:01:43]} 16. Qxc3 {[%clk 00:43:06]}
{[%emt 00:00:39]} e4 {[%clk 00:33:48]} {[%emt 00:03:10]} 17. Qxb2 {[%clk
00:42:54]} {[%emt 00:00:26]} Qxd3 {[%clk 00:32:54]} {[%emt 00:01:07]} 18. Qd2
{[%clk 00:40:59]} {[%emt 00:02:02]} Ba6 {[%clk 00:30:53]} {[%emt 00:02:25]} 19.
Qxd3 {[%clk 00:37:31]} {[%emt 00:03:44]} Bxd3 {[%clk 00:29:32]} {[%emt
00:01:35]} 20. Rfe1 {[%clk 00:37:00]} {[%emt 00:00:42]} exf3 {[%clk 00:26:53]}
{[%emt 00:02:53]} 21. gxf3 {[%clk 00:36:31]} {[%emt 00:00:48]} Ra8 {[%clk
00:25:53]} {[%emt 00:01:16]} 22. Bd4 {[%clk 00:36:28]} {[%emt 00:00:18]} Bc4
{[%clk 00:23:59]} {[%emt 00:02:08]} 23. Rec1 {[%clk 00:33:52]} {[%emt
00:02:52]} Bd5 {[%clk 00:24:04]} {[%emt 00:00:13]} 24. Rd1 {[%clk 00:29:31]}
{[%emt 00:04:22]} Bxf3 {[%clk 00:23:00]} {[%emt 00:01:31]} 25. Rf1 {[%clk
00:28:57]} {[%emt 00:00:49]} Bd5 {[%clk 00:22:15]} {[%emt 00:01:01]} 26. Rxf6
{[%clk 00:29:03]} {[%emt 00:00:10]} Bxf6 {[%clk 00:22:08]} {[%emt 00:00:22]}
27. Bxf6 {[%clk 00:29:11]} {[%emt 00:00:08]} Bxb3 {[%clk 00:22:19]} {[%emt
00:00:04]} 28. axb3 {[%clk 00:29:21]} {[%emt 00:00:05]} Rxa1+ {[%clk 00:22:20]}
{[%emt 00:00:13]} 29. Bxa1 {[%clk 00:29:27]} {[%emt 00:00:09]} Kf8 {[%clk
00:22:14]} {[%emt 00:00:20]} 30. Kf2 {[%clk 00:29:34]} {[%emt 00:00:08]} h5
{[%clk 00:20:43]} {[%emt 00:01:46]} 31. Bf6 {[%clk 00:29:41]} {[%emt 00:00:08]}
Ke8 {[%clk 00:20:53]} {[%emt 00:00:05]} 32. Ke3 {[%clk 00:29:52]} {[%emt
00:00:05]} Kd7 {[%clk 00:21:00]} {[%emt 00:00:08]} 33. Kd4 {[%clk 00:30:02]}
{[%emt 00:00:05]} Ke6 {[%clk 00:18:52]} {[%emt 00:02:22]} 34. Bh4 {[%clk
00:30:10]} {[%emt 00:00:07]} f6 {[%clk 00:18:20]} {[%emt 00:00:48]} 35. b4
{[%clk 00:30:12]} {[%emt 00:00:13]} g5 {[%clk 00:18:26]} {[%emt 00:00:08]} 36.
Bg3 {[%clk 00:30:24]} {[%emt 00:00:05]} f5 {[%clk 00:18:31]} {[%emt 00:00:09]}
37. b5 {[%clk 00:30:26]} {[%emt 00:00:14]} f4 {[%clk 00:18:35]} {[%emt
00:00:10]} 38. Bf2 {[%clk 00:30:07]} {[%emt 00:00:34]} g4 {[%clk 00:16:52]}
{[%emt 00:01:58]} 39. Kc5 {[%clk 00:29:54]} {[%emt 00:00:29]} Kd7 {[%clk
00:16:41]} {[%emt 00:00:27]} 40. b6 {[%clk 00:30:00]} {[%emt 00:00:07]} Kc8
{[%clk 00:16:41]} {[%emt 00:00:15]} 41. Kc6 {[%clk 00:30:10]} {[%emt 00:00:05]}
Kb8 {[%clk 00:15:14]} {[%emt 00:01:43]} 42. b7 {[%clk 00:30:18]} {[%emt
00:00:06]} 1-0

[Event "DEM U8 2024"]
[Site "Willingen GER"]
[Date "2024.05.23"]
[Round "3"]
[White "Tomovski, Leon"]
[Black "Nune, Likhith Siddharth"]
[Result "1-0"]
[Termination "normal"]
[Board "2"]
[WhiteElo "1297"]
[BlackElo "1517"]
[WhiteClock "00:52:37"]
[BlackClock "00:51:32"]
[PlyCount "81"]
[WhiteFideId "34691790"]
[BlackFideId "34670823"]
[EventCountry "GER"]
[EventRounds "7"]
[EventType "swiss"]
[EventDate "2024.05.21"]

1. d4 {[%clk 01:00:29]} e5 {[%clk 01:00:26]} {[%emt 00:00:04]} 2. dxe5 {[%clk
01:00:31]} {[%emt 00:00:13]} d6 {[%clk 01:00:34]} {[%emt 00:00:06]} 3. Nf3
{[%clk 01:00:39]} {[%emt 00:00:08]} Nc6 {[%clk 01:00:44]} {[%emt 00:00:05]} 4.
Nc3 {[%clk 01:00:35]} {[%emt 00:00:19]} Bg4 {[%clk 01:00:49]} {[%emt 00:00:09]}
5. h3 {[%clk 01:00:42]} {[%emt 00:00:08]} Bxf3 {[%clk 01:00:52]} {[%emt
00:00:11]} 6. exf3 {[%clk 01:00:47]} {[%emt 00:00:10]} dxe5 {[%clk 01:00:56]}
{[%emt 00:00:12]} 7. Be3 {[%clk 01:00:24]} {[%emt 00:00:37]} Nf6 {[%clk
01:00:54]} {[%emt 00:00:18]} 8. Bb5 {[%clk 01:00:09]} {[%emt 00:00:30]} Bb4
{[%clk 01:00:50]} {[%emt 00:00:20]} 9. O-O {[%clk 01:00:08]} {[%emt 00:00:16]}
Bxc3 {[%clk 01:00:39]} {[%emt 00:00:24]} 10. bxc3 {[%clk 01:00:15]} {[%emt
00:00:08]} O-O {[%clk 01:00:49]} {[%emt 00:00:07]} 11. Re1 {[%clk 00:59:31]}
{[%emt 00:00:59]} Ne7 {[%clk 01:00:52]} {[%emt 00:00:12]} 12. Bg5 {[%clk
00:58:42]} {[%emt 00:01:02]} Ne8 {[%clk 00:59:21]} {[%emt 00:01:46]} 13. Qxd8
{[%clk 00:58:25]} {[%emt 00:00:33]} Rxd8 {[%clk 00:59:10]} {[%emt 00:00:27]}
14. Bxe7 {[%clk 00:58:33]} {[%emt 00:00:07]} Rd5 {[%clk 00:59:01]} {[%emt
00:00:25]} 15. Bxf8 {[%clk 00:58:31]} {[%emt 00:00:15]} Rxb5 {[%clk 00:58:44]}
{[%emt 00:00:31]} 16. Be7 {[%clk 00:58:01]} {[%emt 00:00:45]} f6 {[%clk
00:58:37]} {[%emt 00:00:22]} 17. Ba3 {[%clk 00:58:07]} {[%emt 00:00:09]} Kf7
{[%clk 00:58:13]} {[%emt 00:00:40]} 18. Red1 {[%clk 00:57:35]} {[%emt
00:00:48]} Kg6 {[%clk 00:57:18]} {[%emt 00:01:09]} 19. g4 {[%clk 00:56:53]}
{[%emt 00:00:57]} c6 {[%clk 00:57:10]} {[%emt 00:00:23]} 20. Kg2 {[%clk
00:56:34]} {[%emt 00:00:34]} Nc7 {[%clk 00:57:12]} {[%emt 00:00:14]} 21. h4
{[%clk 00:56:34]} {[%emt 00:00:15]} h5 {[%clk 00:57:16]} {[%emt 00:00:10]} 22.
Kg3 {[%clk 00:56:41]} {[%emt 00:00:08]} Ne6 {[%clk 00:57:09]} {[%emt 00:00:22]}
23. Rab1 {[%clk 00:56:11]} {[%emt 00:00:46]} Ra5 {[%clk 00:57:10]} {[%emt
00:00:13]} 24. Rb3 {[%clk 00:55:59]} {[%emt 00:00:27]} Nf4 {[%clk 00:56:59]}
{[%emt 00:00:25]} 25. gxh5+ {[%clk 00:55:36]} {[%emt 00:00:39]} Kxh5 {[%clk
00:56:59]} {[%emt 00:00:15]} 26. Rd2 {[%clk 00:53:33]} {[%emt 00:02:18]} Nd5
{[%clk 00:55:57]} {[%emt 00:01:16]} 27. c4 {[%clk 00:53:06]} {[%emt 00:00:42]}
Nb6 {[%clk 00:55:31]} {[%emt 00:00:43]} 28. c5 {[%clk 00:52:38]} {[%emt
00:00:43]} Nc4 {[%clk 00:55:40]} {[%emt 00:00:05]} 29. Rdd3 {[%clk 00:52:34]}
{[%emt 00:00:18]} Nxa3 {[%clk 00:55:24]} {[%emt 00:00:32]} 30. Rxa3 {[%clk
00:52:34]} {[%emt 00:00:16]} Rxc5 {[%clk 00:55:31]} {[%emt 00:00:06]} 31. Rxa7
{[%clk 00:52:36]} {[%emt 00:00:13]} Rxc2 {[%clk 00:55:36]} {[%emt 00:00:10]}
32. Rd8 {[%clk 00:52:15]} {[%emt 00:00:36]} Kg6 {[%clk 00:55:40]} {[%emt
00:00:12]} 33. Rxb7 {[%clk 00:52:18]} {[%emt 00:00:12]} Rxa2 {[%clk 00:55:43]}
{[%emt 00:00:11]} 34. h5+ {[%clk 00:52:23]} {[%emt 00:00:10]} Kxh5 {[%clk
00:54:21]} {[%emt 00:01:36]} 35. Rxg7 {[%clk 00:52:29]} {[%emt 00:00:10]} Kh6
{[%clk 00:54:29]} {[%emt 00:00:08]} 36. Rg4 {[%clk 00:52:22]} {[%emt 00:00:22]}
Kh7 {[%clk 00:54:16]} {[%emt 00:00:29]} 37. Rd6 {[%clk 00:52:24]} {[%emt
00:00:13]} c5 {[%clk 00:54:23]} {[%emt 00:00:08]} 38. Rxf6 {[%clk 00:52:32]}
{[%emt 00:00:06]} Ra7 {[%clk 00:53:21]} {[%emt 00:01:17]} 39. Rf5 {[%clk
00:52:30]} {[%emt 00:00:16]} Kh6 {[%clk 00:53:14]} {[%emt 00:00:23]} 40. Kh4
{[%clk 00:52:32]} {[%emt 00:00:11]} c4 {[%clk 00:51:32]} {[%emt 00:01:58]} 41.
Rh5# {[%clk 00:52:37]} {[%emt 00:00:11]} 1-0